Statistics for CSBC #1 - Country Select By Category

Click here to take the quiz!

General Stats

  • This quiz has been taken 13 times
  • The average score is 40 of 45

Answer Stats

QuestionTileSelect% Correct
are city-statesAlbaniaNo
100%
are NATO MembersAlgeriaNo
100%
are larger than 2,000,000 sq kmAustraliaYes
100%
are NATO MembersCanadaYes
100%
have a capital city that is also a megacityChinaYes
100%
are NATO MembersCubaNo
100%
border the Democratic Republic of the CongoFranceNo
100%
are city-statesJamaicaNo
100%
have a capital city that is also a megacityJapanYes
100%
are larger than 2,000,000 sq kmKazakhstanYes
100%
border the Democratic Republic of the CongoLithuaniaNo
100%
border the Democratic Republic of the CongoMadagascarNo
100%
are city-statesMaltaNo
100%
are city-statesMonacoYes
100%
are city-statesMoroccoNo
100%
are larger than 2,000,000 sq kmNew ZealandNo
100%
have a capital city that is also a megacityNorth KoreaNo
100%
are city-statesPalauNo
100%
have a capital city that is also a megacityQatarNo
100%
are NATO MembersSpainYes
100%
border the Democratic Republic of the CongoUgandaYes
100%
are NATO MembersUnited KingdomYes
100%
are larger than 2,000,000 sq kmUnited StatesYes
100%
are NATO MembersUnited StatesYes
100%
border the Democratic Republic of the CongoBurundiYes
89%
border the Democratic Republic of the CongoCentral African RepublicYes
89%
are larger than 2,000,000 sq kmGreeceNo
89%
are larger than 2,000,000 sq kmIraqNo
89%
are NATO MembersNorwayYes
89%
are larger than 2,000,000 sq kmParaguayNo
89%
have a capital city that is also a megacitySouth KoreaYes
89%
have a capital city that is also a megacityUnited KingdomYes
89%
are NATO MembersVatican CityNo
89%
have a capital city that is also a megacityArgentinaYes
78%
border the Democratic Republic of the CongoMozambiqueNo
78%
are city-statesSan MarinoYes
78%
are city-statesSingaporeYes
78%
border the Democratic Republic of the CongoZambiaYes
78%
are NATO MembersFinlandYes
67%
have a capital city that is also a megacityFranceYes
67%
are larger than 2,000,000 sq kmJapanNo
67%
have a capital city that is also a megacityUnited Arab EmiratesNo
67%
border the Democratic Republic of the CongoKenyaNo
56%
are city-statesAndorraNo
33%
are larger than 2,000,000 sq kmChadNo
33%

Score Distribution

Percentile by Number Answered

Percent of People with Each Score

Your Score History

You have not taken this quiz